| 000 | 00887nam a2200253Ia 4500 | ||
|---|---|---|---|
| 003 | OSt | ||
| 005 | 20220925215423.0 | ||
| 006 | a|||||r|||| 00| 0 | ||
| 007 | ta | ||
| 008 | 220923b |||||||| |||| 00| 0 eng d | ||
| 037 | _cGeneral Book | ||
| 040 |
_aRTL _cRTL _beng |
||
| 041 |
_2eng _aeng |
||
| 082 | _aX9:75.3.N74t, L5/GD | ||
| 110 |
_aGreat Britain, Nationalised industries (Select committee on-) (1974) (Chairman: Russell kerr) _9282826 |
||
| 245 | 0 | _aNationalised industries and the exploitation of North sea oil and gas | |
| 260 |
_aLondon _bHMSO UK _c1975 |
||
| 300 |
_a328p. _ccm. |
||
| 500 | _aAppendix p. 161-328 | ||
| 650 | _aIndustrial Economy | ||
| 700 |
_aGreat Britain, Nationalised industries (Select committee on-) (1974) (Chairman: Russell kerr) _9282827 |
||
| 942 |
_hX9:75.3.N74t, L5/GD _cGB _2CC |
||
| 999 |
_c568752 _d568752 |
||